| 000 | | | 04471nac2a22002893x 450 |
| 001 | | | 0f12d2ec-1560-4d8f-82a2-5e5c6a8438ce |
| 005 | | | 20210716121859.0 |
| 100 | ## | $a | 20210612l1936 k y0rusy50 ca |
| 101 | 0# | $a | rus |
| 102 | ## | $a | RU |
| 105 | ## | $a | y z ||||| |
| 122 | 0# | $a | d19360111 |
| 200 | 1# | $a | Стенограмма 2-го Заседания Пленарного 2-й Сессии ЦИК СССР 7-го созыва. /Утро/ |
| | $j | 11.01.1936 |
| 215 | ## | $a | 121 лист |
| 251 | ## | $c | Дело |
| 300 | ## | $a | Заголовок дела на папке: 2-я Сессия ЦИК Союза ССР 7-го Созыва. Стенограмма второго пленарного заседания 2-й Сессии ЦИК Союза ССР 7-го созыва. 11-1-1936 года (утреннее) |
| 300 | ## | $a | Машинописный текст |
| 330 | ## | $a | Входит в раздел описи: VII-й Съезд Советов. 2-я Сессия ЦИК СССР |
| 461 | #0 | $1 | 001796d4672-8a00-4986-b488-6e42273792cc |
| | $1 | 2001 |
| | $a | ЦЕНТРАЛЬНЫЙ ИСПОЛНИТЕЛЬНЫЙ КОМИТЕТ СССР (ЦИК СССР) |
| | $1 | 251 |
| | $c | Фонд |
| | $1 | 852 |
| | $j | 3316 |
| | $g | Р |
| 462 | #0 | $1 | 0012246e4af-064a-4b66-b386-cae0ddb7fb2d |
| | $1 | 2001 |
| | $a | Дела 7-го Съезда Советов и 1-й, 2-й, 3-й, 4-й Сессий 7-го созыва. 1935-1937 гг. |
| | $v | Д. 106 |
| | $1 | 251 |
| | $c | Опись |
| | $1 | 852 |
| | $j | 7 |
| 517 | 1# | $a | 2-я Сессия ЦИК Союза ССР 7-го Созыва. Стенограмма второго пленарного заседания 2-й Сессии ЦИК Союза ССР 7-го созыва. 11-1-1936 года (утреннее) |
| 601 | 01 | $3 | RU\NLR\AUTH\880357276 |
| | $a | СССР |
| | $b | ЦИК |
| 601 | 02 | $3 | RU\NLR\AUTH\880399376 |
| | $a | СССР |
| | $b | ЦИК |
| | $b | Созыв |
| | $c | 7 |
| | $b | Сессия |
| | $d | 2 |
| 601 | 02 | $a | СССР. ЦИК. Созыв (7). Сессия (2). Пленарное заседание (2) |
| 801 | #0 | $a | RU |
| | $b | GA_RF |
| 801 | #1 | $a | RU |
| | $b | ГлавНИВЦ |
| | $c | 20210612 |
| | $2 | rusmarc |
| 801 | #2 | $a | RU |
| | $b | ПБ им. Б.Н. Ельцина |
| | $c | 20210716 |
| | $g | RCR |
| | $2 | rusmarc |
| 852 | ## | $a | ГА РФ |
| | $j | 106 |
| 937 | ## | $d | 166249564 |
| | $h | ГАРФ |
| 035 | ## | $a | RuPRLIB51060476 |
| 856 | ## | $u | http://readingroom.main.prlib.ru/item.aspx?id_node=n166249564&mode=full |